| 000 | 00799nam a2200205 a 4500 | ||
|---|---|---|---|
| 001 | 49364 | ||
| 005 | 20180714034031.0 | ||
| 008 | 140415d 000 0 spa d | ||
| 020 | _a0072906952 | ||
| 041 | _aspa | ||
| 082 |
_a657.45 _bROB |
||
| 100 | 1 | _aROBERTSON, JACK C. | |
| 245 | 1 | 0 | _aAUDITING |
| 250 | _a9a ed. | ||
| 260 |
_a[s.l.] : _bINDETERMINADO, _c[s.f.] |
||
| 300 |
_a616 _c28.2 x 22 x 3.5 |
||
| 520 | _aTHIS NINTH EDITION MAINTAINS AND EMPHASIS ON FINANCIAL AUDITORS DECISION-MAKING PROCESSES:1) RECOGNIZING PROBLEMS AND DEVELOPING AUDIT OBJETIVES 2) GATHERING EVIDENCE WITH AUDIT PROCEDURES AND 3) MAKING JUDMENTS ABOUT CONTROL RISK AND THE FAIR PRESENTATION OF FINANCIAL STATEMENT ASSERTIONS. | ||
| 650 | 1 | 4 | _aAUDITORIA |
| 700 | 1 |
_aLOUWERS, TIMOTHY J. _ecoaut. |
|
| 999 |
_c49364 _d49364 |
||